Ηγεσία, ηγετικοί ρόλοι, ηγετικές ικανότητες : μελέτη περίπτωσης: οι ηγέτες ξενοδοχείων 4* & 5* της Ρόδου και της Θεσσαλονίκης : μεταπτυχιακή μελέτη

Αποθηκεύτηκε σε:
Λεπτομέρειες βιβλιογραφικής εγγραφής
Κύριος συγγραφέας: Τσιλιβίτη, Νικολέτα
Συγγραφή απο Οργανισμό/Αρχή: Πανεπιστήμιο Αιγαίου Σχολή Επιστημών της Διοίκησης Τμήμα Διοίκησης Επιχειρήσεων Πρόγραμμα Μεταπτυχιακών Σπουδών "Σχεδιασμός, Διοίκηση και Πολιτική του Τουρισμού"
Άλλοι συγγραφείς: Σταυρινούδης, Θεόδωρος (Εισηγητής διατριβής)
Μορφή: Thesis Βιβλίο
Γλώσσα:Greek
Δημοσίευση: 2014
Θέματα:
Διαθέσιμο Online:http://hdl.handle.net/11610/11447
Ετικέτες: Προσθήκη ετικέτας
Δεν υπάρχουν, Καταχωρήστε ετικέτα πρώτοι!

MARC

LEADER 00000cam a2200000 i 4500
001 1/55106
008 140905s2014 gre d
035 |l 10118952 
040 |a GR-MY-UA  |b gre  |e aacr 
041 0 |a gre 
082 0 |a 647.94068  |2 (23) 
100 1 |a Τσιλιβίτη, Νικολέτα. 
245 1 0 |a Ηγεσία, ηγετικοί ρόλοι, ηγετικές ικανότητες :  |b μελέτη περίπτωσης: οι ηγέτες ξενοδοχείων 4* & 5* της Ρόδου και της Θεσσαλονίκης : μεταπτυχιακή μελέτη /  |c Νικολέτα Τσιλιβίτη ; επιβλέπων καθηγητής: Θ. Σταυρινούδης 
260 |c 2014 
300 |a 126 σ.;  |b πίν.;  |c 30 εκ. 
502 |a Διατριβή (μεταπτυχιακή) – Πανεπιστήμιο Αιγαίου, Χίος, 2014. 
504 |a Περιλαμβάνει βιβλιογραφία 
650 0 0 |a Hospitality industry  |z Greece  |z Rhodes (Island) 
650 0 0 |a Hospitality industry  |z Greece  |z Thessalonike. 
650 0 |a Hotel management  |z Greece  |z Rhodes (Island) 
650 0 |a Hotel management  |z Greece  |z Thessalonike. 
650 0 0 |a Leadership. 
650 0 0 |a Dissertations, Academic  |z Greece. 
700 1 |a Σταυρινούδης, Θεόδωρος.  |4 ths 
710 2 |a Πανεπιστήμιο Αιγαίου  |b Σχολή Επιστημών της Διοίκησης  |b Τμήμα Διοίκησης Επιχειρήσεων  |b Πρόγραμμα Μεταπτυχιακών Σπουδών "Σχεδιασμός, Διοίκηση και Πολιτική του Τουρισμού". 
852 |a INST  |b CHIOS  |c DIATR  |e 20140908  |h 647.94069 ΤΣΙ  |p 005200036061  |q 005200036061  |t MTXE  |y 23 
852 |a INST  |b CHIOS  |c DIATR  |e 20140905  |h 647.94069 ΤΣΙ  |p 005200036062  |q 005200036062  |t MTXE  |y 23 
856 |u http://hdl.handle.net/11610/11447 
901 |a BIBL2-2014-3 
909 |a Χ  |b 180708 
909 |a Χ  |b 180709 
924 |a ΤΣΙΛΙΒΙΤΗ  |b ΝΙΚΟΛΕΤΑ  |y ΧΙΟΣ  |z 2014-05 
970 |a ΠΑΡΟΙΚΑΚΗ  |b ΒΑΣΙΛΙΚΗ  |z 2014/09/05